Experimenta et considerationes de coloribus, primùm ex occasione, inter alias quasdam diatribas, ad amicum scripta, nunc verò in lucem prodire passa, ceu initium historiae experimentalis de coloribus / a Roberto Boyle nobili anglo, et Societatis Regiae membro

Detalles Bibliográficos
Autor principal: Boyle, Robert, 1627-1691
Formato: Libro
Lenguaje:Latin
Publicado: Genevae : apud Samuelem de Tournes, 1676.
Materias:
Colección:Banco de datos
Acervo:Universidad Autónoma Benito Juárez de Oaxaca. Biblioteca Francisco de Burgoa. Colección antigua
Descripción Física:[10] h., 168 p., [4] h. ; 4°
Tema general:Ciencias
Notas:Portada con empresa tipográfica del impresor, cita literaria en latín y pleca en grabado xilográfico. Texto a renglón seguido con paginación en números arábigos, reclamos y signaturas. Incluye cabecera de título con motivos florales y fantásticos en grabado xilográfico. Incluye capitular con motivos fantásticos en grabado xilográfico. Encuadernación en pergamino sobre cartón. Marca de fuego: Casa del Noviciado de la Compañía de Jesús de Oaxaca, Oax.
LEADER 01454nam a22001930004500
035 |a 3041 
041 0 |a lat 
100 1 |a Boyle, Robert, 1627-1691 
245 1 0 |a Experimenta et considerationes de coloribus, primùm ex occasione, inter alias quasdam diatribas, ad amicum scripta, nunc verò in lucem prodire passa, ceu initium historiae experimentalis de coloribus / a Roberto Boyle nobili anglo, et Societatis Regiae membro 
260 |a Genevae : apud Samuelem de Tournes, 1676. 
300 |a [10] h., 168 p., [4] h. ; 4° 
500 |a Portada con empresa tipográfica del impresor, cita literaria en latín y pleca en grabado xilográfico. Texto a renglón seguido con paginación en números arábigos, reclamos y signaturas. Incluye cabecera de título con motivos florales y fantásticos en grabado xilográfico. Incluye capitular con motivos fantásticos en grabado xilográfico. Encuadernación en pergamino sobre cartón. Marca de fuego: Casa del Noviciado de la Compañía de Jesús de Oaxaca, Oax. 
504 |a Al principio de la obra está el índice de contenido 
504 |a Al final de la obra está el índice alfabético de las cosas notables 
650 1 0 |a Ciencias 
852 |a Universidad Autónoma "Benito Juárez" de Oaxaca, Biblioteca Francisco de Burgoa, Colección antigua 8592-A 
942 |c BURANT 
943 |g Universidad Autónoma Benito Juárez de Oaxaca. Biblioteca Francisco de Burgoa. Colección antigua 
999 |c 1114052  |d 1114052